Statistics for Burkina Faso Quiz

Click here to take the quiz!

General Stats

  • This quiz has been taken 45 times
  • The average score is 4 of 14

Answer Stats

Hint Answer % Correct
CapitalOuagadougou
94%
Country that Burkina Faso has/had a border dispute withNiger
81%
CurrencyWest African CFA Franc
44%
Second largest cityBobo-Dioulasso
38%
River that forms part of the border with GhanaBlack Volta
19%
Third largest cityKoudougou
13%
Fourth largest cityOuahigouya
13%
Highest PointMount Tena Kourou
13%
Large river in Burkina Faso; tributary of the White VoltaRed Volta
13%
Reserve in the far northSahel Reserve
13%
Largest city in northern desert regionGorom Gorom
6%
Longest tributary of the Niger River in Burkina FasoSirba River
6%
National Park famous for elephantsArly National Park
6%
large reserve in the southwestNarbere reserve
6%

Score Distribution

Percentile by Number Answered

Percent of People with Each Score

Your Score History

You have not taken this quiz